[Event "ODJM A 2025"]
[Site "Willingen GER"]
[Date "2025.06.10"]
[Round "4"]
[White "Mimkes, Pavel"]
[Black "Heimann, Alexander"]
[Result "1-0"]
[Termination "normal"]
[Board "10"]
[WhiteElo "2064"]
[BlackElo "1930"]
[WhiteClock "00:12:20"]
[BlackClock "00:05:31"]
[PlyCount "45"]
[WhiteFideId "12990833"]
[BlackFideId "16215346"]
[EventCountry "GER"]
[EventRounds "9"]
[EventType "swiss"]
[EventDate "2025.06.07"]

1. e4 {[%clk 01:30:57]} {[%emt 00:00:04]} c5 {[%clk 01:30:49]} {[%emt
00:00:11]} 2. b4 {[%clk 01:31:23]} {[%emt 00:00:03]} cxb4 {[%clk 01:30:31]}
{[%emt 00:00:49]} 3. a3 {[%clk 01:31:47]} {[%emt 00:00:06]} bxa3 {[%clk
01:30:05]} {[%emt 00:00:55]} 4. d4 {[%clk 01:32:01]} {[%emt 00:00:15]} e6
{[%clk 01:24:13]} {[%emt 00:06:22]} 5. c3 {[%clk 01:26:33]} {[%emt 00:05:58]}
d5 {[%clk 01:19:42]} {[%emt 00:05:01]} 6. e5 {[%clk 01:26:11]} {[%emt
00:00:52]} Nd7 {[%clk 01:14:46]} {[%emt 00:05:26]} 7. f4 {[%clk 01:24:03]}
{[%emt 00:02:39]} Nb6 {[%clk 01:09:48]} {[%emt 00:05:28]} 8. Nxa3 {[%clk
01:19:58]} {[%emt 00:04:35]} Bd7 {[%clk 01:07:24]} {[%emt 00:02:53]} 9. Bd3
{[%clk 01:18:09]} {[%emt 00:02:20]} Rc8 {[%clk 01:03:17]} {[%emt 00:04:36]} 10.
Ne2 {[%clk 01:13:14]} {[%emt 00:05:25]} Nc4 {[%clk 00:47:49]} {[%emt 00:15:59]}
11. Nxc4 {[%clk 01:11:27]} {[%emt 00:02:16]} dxc4 {[%clk 00:48:04]} {[%emt
00:00:15]} 12. Be4 {[%clk 01:10:27]} {[%emt 00:01:32]} Qb6 {[%clk 00:47:41]}
{[%emt 00:00:52]} 13. Rb1 {[%clk 01:09:23]} {[%emt 00:01:34]} Bb5 {[%clk
00:44:48]} {[%emt 00:03:22]} 14. O-O {[%clk 01:07:04]} {[%emt 00:02:48]} Ne7
{[%clk 00:39:17]} {[%emt 00:06:03]} 15. g4 {[%clk 00:57:41]} {[%emt 00:09:52]}
g6 {[%clk 00:32:41]} {[%emt 00:07:06]} 16. Ng3 {[%clk 00:56:48]} {[%emt
00:01:23]} Rd8 {[%clk 00:21:42]} {[%emt 00:11:29]} 17. Qf3 {[%clk 00:47:17]}
{[%emt 00:10:01]} Nd5 {[%clk 00:16:37]} {[%emt 00:05:36]} 18. f5 {[%clk
00:43:34]} {[%emt 00:04:13]} gxf5 {[%clk 00:16:02]} {[%emt 00:01:04]} 19. gxf5
{[%clk 00:42:27]} {[%emt 00:01:38]} a6 {[%clk 00:13:11]} {[%emt 00:03:20]} 20.
fxe6 {[%clk 00:19:47]} {[%emt 00:23:11]} Qxe6 {[%clk 00:13:12]} {[%emt
00:00:28]} 21. Bf5 {[%clk 00:15:27]} {[%emt 00:04:50]} Qe7 {[%clk 00:10:33]}
{[%emt 00:03:08]} 22. e6 {[%clk 00:12:12]} {[%emt 00:03:46]} f6 {[%clk
00:05:31]} {[%emt 00:05:32]} 23. Qh5+ {[%clk 00:12:20]} {[%emt 00:00:22]} 1-0

[Event "ODJM A 2025"]
[Site "Willingen GER"]
[Date "2025.06.10"]
[Round "4"]
[White "Fellberg, Justus"]
[Black "Longo, Massimo"]
[Result "1-0"]
[Termination "normal"]
[Board "11"]
[WhiteElo "1812"]
[BlackElo "2081"]
[WhiteClock "00:03:06"]
[BlackClock "00:09:18"]
[PlyCount "159"]
[WhiteFideId "34608990"]
[BlackFideId "16205227"]
[EventCountry "GER"]
[EventRounds "9"]
[EventType "swiss"]
[EventDate "2025.06.07"]

1. e4 {[%clk 01:30:59]} {[%emt 00:00:02]} e6 {[%clk 01:30:55]} {[%emt
00:00:05]} 2. Qe2 {[%clk 01:31:25]} {[%emt 00:00:03]} c5 {[%clk 01:31:21]}
{[%emt 00:00:06]} 3. Nf3 {[%clk 01:31:44]} {[%emt 00:00:10]} Nc6 {[%clk
01:31:46]} {[%emt 00:00:04]} 4. g3 {[%clk 01:32:10]} {[%emt 00:00:04]} g6
{[%clk 01:32:09]} {[%emt 00:00:07]} 5. Bg2 {[%clk 01:32:31]} {[%emt 00:00:09]}
Bg7 {[%clk 01:32:34]} {[%emt 00:00:06]} 6. c3 {[%clk 01:32:46]} {[%emt
00:00:16]} e5 {[%clk 01:32:54]} {[%emt 00:00:10]} 7. d3 {[%clk 01:32:54]}
{[%emt 00:00:22]} Nge7 {[%clk 01:33:15]} {[%emt 00:00:08]} 8. Na3 {[%clk
01:33:01]} {[%emt 00:00:24]} O-O {[%clk 01:33:29]} {[%emt 00:00:15]} 9. h4
{[%clk 01:27:34]} {[%emt 00:05:58]} d5 {[%clk 01:23:30]} {[%emt 00:10:29]} 10.
h5 {[%clk 01:21:06]} {[%emt 00:06:57]} Bg4 {[%clk 01:18:44]} {[%emt 00:05:16]}
11. hxg6 {[%clk 01:21:07]} {[%emt 00:00:28]} fxg6 {[%clk 01:16:08]} {[%emt
00:03:08]} 12. exd5 {[%clk 01:15:58]} {[%emt 00:05:39]} Qxd5 {[%clk 00:49:50]}
{[%emt 00:26:48]} 13. Nh4 {[%clk 01:16:06]} {[%emt 00:00:21]} Qd7 {[%clk
00:49:03]} {[%emt 00:01:17]} 14. Qe4 {[%clk 01:06:42]} {[%emt 00:09:53]} Be6
{[%clk 00:42:37]} {[%emt 00:06:57]} 15. Qe2 {[%clk 01:04:04]} {[%emt 00:03:08]}
Rab8 {[%clk 00:37:35]} {[%emt 00:05:32]} 16. Be3 {[%clk 01:02:31]} {[%emt
00:02:03]} b6 {[%clk 00:37:58]} {[%emt 00:00:07]} 17. O-O {[%clk 00:59:36]}
{[%emt 00:03:25]} Nd5 {[%clk 00:36:17]} {[%emt 00:02:11]} 18. Bd2 {[%clk
00:53:09]} {[%emt 00:06:57]} b5 {[%clk 00:32:17]} {[%emt 00:04:29]} 19. Nc2
{[%clk 00:52:08]} {[%emt 00:01:32]} b4 {[%clk 00:28:07]} {[%emt 00:04:41]} 20.
Rab1 {[%clk 00:44:51]} {[%emt 00:07:46]} Nde7 {[%clk 00:23:10]} {[%emt
00:05:27]} 21. b3 {[%clk 00:41:11]} {[%emt 00:04:10]} e4 {[%clk 00:15:59]}
{[%emt 00:07:40]} 22. Bxe4 {[%clk 00:33:42]} {[%emt 00:08:00]} bxc3 {[%clk
00:16:17]} {[%emt 00:00:12]} 23. Bf4 {[%clk 00:33:29]} {[%emt 00:00:42]} Rb6
{[%clk 00:15:46]} {[%emt 00:01:02]} 24. Rfe1 {[%clk 00:30:43]} {[%emt
00:03:22]} Nd4 {[%clk 00:15:47]} {[%emt 00:00:22]} 25. Qd1 {[%clk 00:30:44]}
{[%emt 00:00:29]} Nd5 {[%emt 00:07:04]} 26. Ng2 {[%emt 00:01:32]} Nxc2 {[%clk
00:13:59]} {[%emt 00:00:41]} 27. Qxc2 {[%clk 00:16:17]} {[%emt 00:08:59]} Nb4
{[%clk 00:14:22]} {[%emt 00:00:05]} 28. Qe2 {[%clk 00:16:39]} {[%emt 00:00:09]}
c2 {[%clk 00:14:00]} {[%emt 00:00:52]} 29. Rbc1 {[%clk 00:16:51]} {[%emt
00:00:19]} Bb2 {[%clk 00:13:07]} {[%emt 00:01:22]} 30. Rxc2 {[%clk 00:17:13]}
{[%emt 00:00:08]} Nxc2 {[%clk 00:13:32]} {[%emt 00:00:05]} 31. Qxc2 {[%clk
00:17:41]} {[%emt 00:00:03]} Bd4 {[%clk 00:13:53]} {[%emt 00:00:08]} 32. Ne3
{[%clk 00:16:26]} {[%emt 00:01:45]} a5 {[%clk 00:10:43]} {[%emt 00:03:39]} 33.
Nc4 {[%clk 00:15:39]} {[%emt 00:01:18]} Ra6 {[%clk 00:10:58]} {[%emt 00:00:15]}
34. Be3 {[%clk 00:09:52]} {[%emt 00:06:17]} a4 {[%clk 00:09:54]} {[%emt
00:01:34]} 35. Kg2 {[%clk 00:08:17]} {[%emt 00:02:04]} axb3 {[%clk 00:09:13]}
{[%emt 00:01:12]} 36. axb3 {[%clk 00:08:32]} {[%emt 00:00:15]} Bf5 {[%clk
00:07:04]} {[%emt 00:02:39]} 37. Bxd4 {[%clk 00:07:46]} {[%emt 00:01:16]} Qxd4
{[%clk 00:07:04]} {[%emt 00:00:30]} 38. Bxf5 {[%clk 00:07:37]} {[%emt
00:00:40]} Rxf5 {[%clk 00:06:46]} {[%emt 00:00:48]} 39. Re4 {[%clk 00:07:53]}
{[%emt 00:00:13]} Qd8 {[%clk 00:04:12]} {[%emt 00:03:04]} 40. Ne3 {[%clk
00:08:06]} {[%emt 00:00:17]} Rf7 {[%clk 00:01:44]} {[%emt 00:02:57]} 41. Ng4
{[%clk 00:04:13]} {[%emt 00:04:23]} Rfa7 {[%clk 00:12:53]} {[%emt 00:19:22]}
42. Qc4+ {[%clk 00:33:00]} {[%emt 00:01:43]} Kh8 {[%clk 00:12:51]} {[%emt
00:00:31]} 43. Qc3+ {[%clk 00:24:20]} {[%emt 00:09:11]} Rg7 {[%clk 00:13:14]}
{[%emt 00:00:07]} 44. Nh6 {[%clk 00:23:14]} {[%emt 00:01:36]} Qa8 {[%clk
00:09:15]} {[%emt 00:04:28]} 45. Qe5 {[%clk 00:23:25]} {[%emt 00:00:19]} Raa7
{[%clk 00:08:33]} {[%emt 00:01:13]} 46. Qe8+ {[%clk 00:23:41]} {[%emt
00:00:13]} Rg8 {[%clk 00:08:57]} {[%emt 00:00:07]} 47. Qe5+ {[%clk 00:20:57]}
{[%emt 00:03:14]} Rgg7 {[%clk 00:09:20]} {[%emt 00:00:07]} 48. Qe8+ {[%clk
00:20:51]} {[%emt 00:00:36]} Rg8 {[%clk 00:09:46]} {[%emt 00:00:04]} 49. Nxg8
{[%clk 00:17:24]} {[%emt 00:03:57]} Qxe8 {[%clk 00:10:12]} {[%emt 00:00:05]}
50. Rxe8 {[%clk 00:17:51]} {[%emt 00:00:02]} Kg7 {[%clk 00:10:36]} {[%emt
00:00:05]} 51. Rc8 {[%clk 00:17:32]} {[%emt 00:00:50]} Rb7 {[%clk 00:10:30]}
{[%emt 00:00:36]} 52. Rxc5 {[%clk 00:11:06]} {[%emt 00:06:56]} Kxg8 {[%clk
00:10:51]} {[%emt 00:00:09]} 53. Rc3 {[%clk 00:11:31]} {[%emt 00:00:04]} Kf7
{[%clk 00:09:09]} {[%emt 00:02:12]} 54. Kf3 {[%clk 00:11:54]} {[%emt 00:00:08]}
Rb4 {[%clk 00:09:33]} {[%emt 00:00:07]} 55. Ke3 {[%clk 00:12:02]} {[%emt
00:00:22]} Ke6 {[%clk 00:09:52]} {[%emt 00:00:10]} 56. f4 {[%clk 00:09:37]}
{[%emt 00:02:56]} h5 {[%clk 00:09:57]} {[%emt 00:00:25]} 57. d4 {[%clk
00:08:33]} {[%emt 00:01:34]} Kd5 {[%clk 00:10:14]} {[%emt 00:00:13]} 58. Rd3
{[%clk 00:07:58]} {[%emt 00:01:04]} Rb7 {[%clk 00:10:01]} {[%emt 00:00:43]} 59.
Rc3 {[%clk 00:07:36]} {[%emt 00:00:53]} Rb4 {[%clk 00:10:25]} {[%emt 00:00:05]}
60. Rc5+ {[%clk 00:06:38]} {[%emt 00:01:28]} Kd6 {[%clk 00:10:48]} {[%emt
00:00:08]} 61. Rg5 {[%clk 00:06:32]} {[%emt 00:00:36]} Rxb3+ {[%clk 00:10:10]}
{[%emt 00:01:08]} 62. Ke4 {[%clk 00:06:56]} {[%emt 00:00:06]} Rb1 {[%clk
00:10:16]} {[%emt 00:00:24]} 63. Rxg6+ {[%clk 00:06:52]} {[%emt 00:00:34]} Ke7
{[%clk 00:10:37]} {[%emt 00:00:08]} 64. f5 {[%clk 00:05:08]} {[%emt 00:02:15]}
Rh1 {[%clk 00:10:48]} {[%emt 00:00:18]} 65. Rh6 {[%clk 00:05:10]} {[%emt
00:00:28]} Rg1 {[%clk 00:10:28]} {[%emt 00:00:50]} 66. Rxh5 {[%clk 00:03:16]}
{[%emt 00:02:24]} Rxg3 {[%clk 00:10:52]} {[%emt 00:00:06]} 67. Rh6 {[%clk
00:03:32]} {[%emt 00:00:14]} Rg1 {[%clk 00:11:01]} {[%emt 00:00:21]} 68. Re6+
{[%clk 00:03:31]} {[%emt 00:00:32]} Kd7 {[%clk 00:11:18]} {[%emt 00:00:12]} 69.
Ke5 {[%clk 00:03:40]} {[%emt 00:00:21]} Re1+ {[%clk 00:11:21]} {[%emt
00:00:28]} 70. Kf6 {[%clk 00:03:49]} {[%emt 00:00:21]} Rg1 {[%clk 00:10:01]}
{[%emt 00:01:50]} 71. Kf7 {[%clk 00:03:39]} {[%emt 00:00:40]} Rg4 {[%clk
00:10:12]} {[%emt 00:00:18]} 72. Re7+ {[%clk 00:02:48]} {[%emt 00:01:22]} Kd8
{[%clk 00:09:58]} {[%emt 00:00:43]} 73. d5 {[%clk 00:02:59]} {[%emt 00:00:19]}
Rg1 {[%clk 00:10:21]} {[%emt 00:00:07]} 74. d6 {[%clk 00:03:01]} {[%emt
00:00:29]} Rg2 {[%clk 00:10:23]} {[%emt 00:00:26]} 75. Ra7 {[%clk 00:02:12]}
{[%emt 00:01:20]} Rh2 {[%clk 00:08:30]} {[%emt 00:02:23]} 76. Re7 {[%clk
00:02:18]} {[%emt 00:00:24]} Rg2 {[%clk 00:08:39]} {[%emt 00:00:21]} 77. f6
{[%clk 00:02:30]} {[%emt 00:00:18]} Rh2 {[%clk 00:09:02]} {[%emt 00:00:07]} 78.
Kg8 {[%clk 00:02:33]} {[%emt 00:00:27]} Rg2 {[%clk 00:09:15]} {[%emt 00:00:18]}
79. Rg7 {[%clk 00:02:54]} {[%emt 00:00:08]} Rf2 {[%clk 00:09:18]} {[%emt
00:00:27]} 80. f7 {[%clk 00:03:06]} {[%emt 00:00:18]} 1-0

[Event "ODJM A 2025"]
[Site "Willingen GER"]
[Date "2025.06.10"]
[Round "4"]
[White "Ronsin, Corentin"]
[Black "Kraus, Linus"]
[Result "1/2-1/2"]
[Termination "normal"]
[Board "12"]
[WhiteElo "2064"]
[BlackElo "1886"]
[WhiteClock "00:35:19"]
[BlackClock "00:15:25"]
[PlyCount "144"]
[WhiteFideId "34641742"]
[BlackFideId "34629629"]
[EventCountry "GER"]
[EventRounds "9"]
[EventType "swiss"]
[EventDate "2025.06.07"]

1. e4 {[%clk 01:30:57]} {[%emt 00:00:02]} g6 {[%clk 01:30:50]} {[%emt
00:00:10]} 2. d4 {[%clk 01:31:20]} {[%emt 00:00:07]} Bg7 {[%clk 01:31:17]}
{[%emt 00:00:04]} 3. Nc3 {[%clk 01:31:41]} {[%emt 00:00:08]} c6 {[%clk
01:31:41]} {[%emt 00:00:06]} 4. f4 {[%clk 01:32:06]} {[%emt 00:00:06]} d5
{[%clk 01:31:58]} {[%emt 00:00:13]} 5. e5 {[%clk 01:32:30]} {[%emt 00:00:06]}
h5 {[%clk 01:32:09]} {[%emt 00:00:18]} 6. Nf3 {[%clk 01:32:23]} {[%emt
00:00:37]} Bg4 {[%clk 01:32:13]} {[%emt 00:00:26]} 7. h3 {[%clk 01:31:25]}
{[%emt 00:01:27]} Bxf3 {[%clk 01:32:31]} {[%emt 00:00:13]} 8. Qxf3 {[%clk
01:31:48]} {[%emt 00:00:08]} e6 {[%clk 01:32:56]} {[%emt 00:00:05]} 9. Be3
{[%clk 01:32:02]} {[%emt 00:00:15]} Nd7 {[%clk 01:32:50]} {[%emt 00:00:36]} 10.
Bd3 {[%clk 01:31:29]} {[%emt 00:01:03]} h4 {[%clk 01:32:58]} {[%emt 00:00:22]}
11. Bf2 {[%clk 01:26:42]} {[%emt 00:05:17]} Nh6 {[%clk 01:32:30]} {[%emt
00:00:58]} 12. Nd1 {[%clk 01:23:00]} {[%emt 00:04:13]} Nf5 {[%clk 01:21:55]}
{[%emt 00:11:04]} 13. c3 {[%clk 01:18:53]} {[%emt 00:04:37]} Bf8 {[%clk
01:18:44]} {[%emt 00:03:42]} 14. Ne3 {[%clk 01:17:49]} {[%emt 00:01:34]} Nxe3
{[%clk 01:11:55]} {[%emt 00:07:19]} 15. Bxe3 {[%clk 01:17:53]} {[%emt
00:00:26]} c5 {[%clk 01:11:00]} {[%emt 00:01:26]} 16. dxc5 {[%clk 01:11:24]}
{[%emt 00:06:57]} Bxc5 {[%clk 01:11:05]} {[%emt 00:00:25]} 17. Bxc5 {[%clk
01:11:48]} {[%emt 00:00:06]} Nxc5 {[%clk 01:11:27]} {[%emt 00:00:07]} 18. Bb5+
{[%clk 01:12:15]} {[%emt 00:00:04]} Kf8 {[%clk 01:11:17]} {[%emt 00:00:41]} 19.
Be2 {[%clk 00:58:44]} {[%emt 00:14:01]} Qb6 {[%clk 01:08:28]} {[%emt 00:03:18]}
20. Qe3 {[%clk 00:56:38]} {[%emt 00:02:37]} Ne4 {[%clk 01:04:28]} {[%emt
00:04:30]} 21. Qxb6 {[%clk 00:55:24]} {[%emt 00:01:43]} axb6 {[%clk 01:04:50]}
{[%emt 00:00:09]} 22. Bb5 {[%clk 00:53:29]} {[%emt 00:02:24]} Ng3 {[%clk
01:04:12]} {[%emt 00:01:07]} 23. Rg1 {[%clk 00:53:45]} {[%emt 00:00:13]} Rg8
{[%clk 01:03:52]} {[%emt 00:00:51]} 24. Kf2 {[%clk 00:49:27]} {[%emt 00:04:48]}
g5 {[%clk 01:03:53]} {[%emt 00:00:30]} 25. Rge1 {[%clk 00:43:04]} {[%emt
00:06:51]} gxf4 {[%clk 00:56:15]} {[%emt 00:08:10]} 26. Bd3 {[%clk 00:42:12]}
{[%emt 00:01:22]} Ke7 {[%clk 00:54:43]} {[%emt 00:02:02]} 27. a3 {[%clk
00:40:04]} {[%emt 00:02:38]} f6 {[%clk 00:54:07]} {[%emt 00:01:05]} 28. Kf3
{[%clk 00:39:41]} {[%emt 00:00:54]} Nh5 {[%clk 00:53:17]} {[%emt 00:01:19]} 29.
Bf1 {[%clk 00:39:33]} {[%emt 00:00:38]} Rg3+ {[%clk 00:52:37]} {[%emt
00:01:11]} 30. Kf2 {[%clk 00:39:54]} {[%emt 00:00:08]} fxe5 {[%clk 00:52:42]}
{[%emt 00:00:25]} 31. Rxe5 {[%clk 00:40:14]} {[%emt 00:00:10]} Nf6 {[%clk
00:53:05]} {[%emt 00:00:08]} 32. Rae1 {[%clk 00:39:26]} {[%emt 00:01:18]} Ne4+
{[%clk 00:53:17]} {[%emt 00:00:17]} 33. R1xe4 {[%clk 00:39:49]} {[%emt
00:00:07]} dxe4 {[%clk 00:53:39]} {[%emt 00:00:08]} 34. Rxe4 {[%clk 00:40:13]}
{[%emt 00:00:06]} Rf8 {[%clk 00:53:08]} {[%emt 00:01:00]} 35. Be2 {[%clk
00:40:36]} {[%emt 00:00:07]} Rg6 {[%clk 00:49:47]} {[%emt 00:03:50]} 36. Bf3
{[%clk 00:40:19]} {[%emt 00:00:49]} Kd6 {[%clk 00:47:01]} {[%emt 00:03:17]} 37.
Rd4+ {[%clk 00:39:34]} {[%emt 00:01:14]} Kc7 {[%clk 00:46:55]} {[%emt
00:00:36]} 38. Rc4+ {[%clk 00:39:57]} {[%emt 00:00:08]} Kb8 {[%clk 00:47:00]}
{[%emt 00:00:24]} 39. Rd4 {[%clk 00:40:21]} {[%emt 00:00:06]} Rg7 {[%clk
00:46:35]} {[%emt 00:00:55]} 40. Rb4 {[%clk 00:40:36]} {[%emt 00:00:15]} e5
{[%clk 00:43:30]} {[%emt 00:03:35]} 41. Rxb6 {[%clk 00:39:21]} {[%emt
00:01:46]} Re7 {[%clk 00:41:37]} {[%emt 00:02:23]} 42. Be4 {[%clk 00:38:07]}
{[%emt 00:01:43]} Rd8 {[%clk 00:39:32]} {[%emt 00:02:35]} 43. Ke2 {[%clk
00:37:13]} {[%emt 00:01:24]} Rg8 {[%clk 00:31:16]} {[%emt 00:08:46]} 44. Bf3
{[%clk 00:33:25]} {[%emt 00:04:19]} e4 {[%clk 00:31:01]} {[%emt 00:00:45]} 45.
Bg4 {[%clk 00:33:51]} {[%emt 00:00:02]} Rd8 {[%clk 00:30:38]} {[%emt 00:00:54]}
46. Rb4 {[%clk 00:32:09]} {[%emt 00:02:12]} e3 {[%clk 00:27:38]} {[%emt
00:03:31]} 47. Rd4 {[%clk 00:32:01]} {[%emt 00:00:38]} Rxd4 {[%clk 00:27:47]}
{[%emt 00:00:20]} 48. cxd4 {[%clk 00:32:25]} {[%emt 00:00:05]} Kc7 {[%clk
00:28:00]} {[%emt 00:00:18]} 49. Kd3 {[%clk 00:32:51]} {[%emt 00:00:04]} Kd6
{[%clk 00:27:44]} {[%emt 00:00:46]} 50. b4 {[%clk 00:33:09]} {[%emt 00:00:12]}
b5 {[%clk 00:27:46]} {[%emt 00:00:28]} 51. Be2 {[%clk 00:33:08]} {[%emt
00:00:31]} Rg7 {[%clk 00:24:57]} {[%emt 00:03:20]} 52. Bf3 {[%clk 00:33:30]}
{[%emt 00:00:08]} Re7 {[%clk 00:23:39]} {[%emt 00:01:48]} 53. Be2 {[%clk
00:33:48]} {[%emt 00:00:12]} Re8 {[%clk 00:23:39]} {[%emt 00:00:25]} 54. Bf3
{[%clk 00:32:28]} {[%emt 00:01:54]} e2 {[%clk 00:23:37]} {[%emt 00:00:32]} 55.
Bxe2 {[%clk 00:32:53]} {[%emt 00:00:05]} Re3+ {[%clk 00:24:01]} {[%emt
00:00:06]} 56. Kd2 {[%clk 00:33:16]} {[%emt 00:00:07]} Kd5 {[%clk 00:23:58]}
{[%emt 00:00:33]} 57. Bxb5 {[%clk 00:33:32]} {[%emt 00:00:15]} Rxa3 {[%clk
00:24:21]} {[%emt 00:00:06]} 58. Ke2 {[%clk 00:32:55]} {[%emt 00:01:06]} Kxd4
{[%clk 00:24:07]} {[%emt 00:00:46]} 59. Bc6 {[%clk 00:33:07]} {[%emt 00:00:16]}
Re3+ {[%clk 00:21:38]} {[%emt 00:03:00]} 60. Kf2 {[%clk 00:33:13]} {[%emt
00:00:22]} Rb3 {[%clk 00:21:24]} {[%emt 00:00:45]} 61. Kg1 {[%clk 00:32:17]}
{[%emt 00:01:27]} Rxb4 {[%clk 00:21:33]} {[%emt 00:00:21]} 62. Kh2 {[%clk
00:32:37]} {[%emt 00:00:09]} Rb1 {[%clk 00:21:21]} {[%emt 00:00:43]} 63. Bf3
{[%clk 00:32:43]} {[%emt 00:00:23]} Ke3 {[%clk 00:21:07]} {[%emt 00:00:45]} 64.
Bd5 {[%clk 00:33:05]} {[%emt 00:00:07]} Kf2 {[%clk 00:20:22]} {[%emt 00:01:14]}
65. Bc6 {[%clk 00:33:20]} {[%emt 00:00:16]} Rb3 {[%clk 00:16:36]} {[%emt
00:04:16]} 66. Ba8 {[%clk 00:33:15]} {[%emt 00:00:35]} Rg3 {[%clk 00:15:23]}
{[%emt 00:01:43]} 67. Bb7 {[%clk 00:33:38]} {[%emt 00:00:07]} Rg7 {[%clk
00:15:05]} {[%emt 00:00:47]} 68. Bd5 {[%clk 00:33:57]} {[%emt 00:00:11]} Ke3
{[%clk 00:15:20]} {[%emt 00:00:16]} 69. Ba8 {[%clk 00:34:20]} {[%emt 00:00:07]}
Re7 {[%clk 00:14:49]} {[%emt 00:01:00]} 70. Bc6 {[%clk 00:34:31]} {[%emt
00:00:19]} Kd4 {[%clk 00:14:58]} {[%emt 00:00:22]} 71. Bf3 {[%clk 00:34:54]}
{[%emt 00:00:07]} Re3 {[%clk 00:15:04]} {[%emt 00:00:23]} 72. Ba8 {[%clk
00:35:19]} {[%emt 00:00:07]} Kc5 {[%clk 00:15:25]} {[%emt 00:00:08]} 1/2-1/2

[Event "ODJM A 2025"]
[Site "Willingen GER"]
[Date "2025.06.10"]
[Round "4"]
[White "Tulchynsky, David"]
[Black "Brau, Luca"]
[Result "0-1"]
[Termination "normal"]
[Board "13"]
[WhiteElo "2009"]
[BlackElo "1911"]
[WhiteClock "00:30:09"]
[BlackClock "00:30:08"]
[PlyCount "88"]
[WhiteFideId "16289560"]
[BlackFideId "34680756"]
[EventCountry "GER"]
[EventRounds "9"]
[EventType "swiss"]
[EventDate "2025.06.07"]

1. e4 {[%clk 01:30:37]} {[%emt 00:00:23]} e6 {[%clk 01:30:04]} {[%emt
00:00:56]} 2. d3 {[%clk 01:30:36]} {[%emt 00:00:31]} d5 {[%clk 01:30:20]}
{[%emt 00:00:14]} 3. Nd2 {[%clk 01:31:01]} {[%emt 00:00:05]} c5 {[%clk
01:29:39]} {[%emt 00:01:13]} 4. Ngf3 {[%clk 01:31:22]} {[%emt 00:00:08]} Nc6
{[%clk 01:28:32]} {[%emt 00:01:37]} 5. g3 {[%clk 01:31:44]} {[%emt 00:00:08]}
Bd6 {[%clk 01:23:34]} {[%emt 00:05:27]} 6. Bg2 {[%clk 01:31:32]} {[%emt
00:00:42]} Nge7 {[%clk 01:21:09]} {[%emt 00:02:56]} 7. O-O {[%clk 01:31:44]}
{[%emt 00:00:19]} O-O {[%clk 01:20:35]} {[%emt 00:01:03]} 8. Re1 {[%clk
01:31:32]} {[%emt 00:00:41]} f6 {[%clk 01:18:35]} {[%emt 00:02:30]} 9. c3
{[%clk 01:23:54]} {[%emt 00:08:08]} Rb8 {[%clk 01:07:38]} {[%emt 00:11:29]} 10.
d4 {[%clk 01:15:11]} {[%emt 00:09:11]} cxd4 {[%clk 01:00:27]} {[%emt 00:07:42]}
11. cxd4 {[%clk 01:11:32]} {[%emt 00:04:08]} Kh8 {[%clk 00:54:31]} {[%emt
00:06:27]} 12. Nb3 {[%clk 01:02:05]} {[%emt 00:09:57]} b6 {[%clk 00:51:18]}
{[%emt 00:03:42]} 13. Bd2 {[%clk 00:56:08]} {[%emt 00:06:27]} Nb4 {[%clk
00:44:34]} {[%emt 00:07:15]} 14. Bc3 {[%clk 00:53:40]} {[%emt 00:02:57]} a5
{[%clk 00:39:31]} {[%emt 00:05:33]} 15. e5 {[%clk 00:49:59]} {[%emt 00:04:11]}
fxe5 {[%clk 00:37:23]} {[%emt 00:02:38]} 16. Nxe5 {[%clk 00:50:21]} {[%emt
00:00:08]} Rf6 {[%clk 00:17:38]} {[%emt 00:20:16]} 17. a3 {[%clk 00:39:08]}
{[%emt 00:11:43]} Nbc6 {[%clk 00:17:29]} {[%emt 00:00:39]} 18. Nxc6 {[%clk
00:23:52]} {[%emt 00:15:46]} Nxc6 {[%clk 00:17:54]} {[%emt 00:00:05]} 19. Bd2
{[%clk 00:23:57]} {[%emt 00:00:24]} Qf8 {[%clk 00:16:24]} {[%emt 00:02:00]} 20.
Be3 {[%clk 00:23:24]} {[%emt 00:01:03]} h6 {[%clk 00:13:10]} {[%emt 00:03:45]}
21. Rc1 {[%clk 00:22:31]} {[%emt 00:01:22]} Ne7 {[%clk 00:13:27]} {[%emt
00:00:14]} 22. Qd2 {[%clk 00:20:43]} {[%emt 00:02:17]} a4 {[%clk 00:12:29]}
{[%emt 00:01:28]} 23. Na1 {[%clk 00:20:59]} {[%emt 00:00:14]} g5 {[%clk
00:06:49]} {[%emt 00:06:11]} 24. Nc2 {[%clk 00:17:47]} {[%emt 00:03:42]} Nc6
{[%clk 00:05:58]} {[%emt 00:01:20]} 25. f3 {[%clk 00:14:49]} {[%emt 00:03:28]}
Na5 {[%clk 00:06:09]} {[%emt 00:00:19]} 26. Qd3 {[%clk 00:07:32]} {[%emt
00:07:47]} Nc4 {[%clk 00:05:58]} {[%emt 00:00:40]} 27. b3 {[%clk 00:04:51]}
{[%emt 00:03:11]} axb3 {[%clk 00:05:03]} {[%emt 00:01:26]} 28. Qxb3 {[%clk
00:05:16]} {[%emt 00:00:06]} Nxa3 {[%clk 00:03:53]} {[%emt 00:01:39]} 29. Nxa3
{[%clk 00:04:57]} {[%emt 00:00:49]} Bxa3 {[%clk 00:04:21]} {[%emt 00:00:03]}
30. Rc6 {[%clk 00:03:57]} {[%emt 00:01:29]} b5 {[%clk 00:02:03]} {[%emt
00:02:48]} 31. h4 {[%clk 00:03:58]} {[%emt 00:00:29]} gxh4 {[%clk 00:00:57]}
{[%emt 00:01:36]} 32. Bf4 {[%clk 00:04:25]} {[%emt 00:00:04]} Bd7 {[%clk
00:00:41]} {[%emt 00:00:46]} 33. Rc7 {[%clk 00:02:05]} {[%emt 00:02:49]} Rxf4
{[%clk 00:00:48]} {[%emt 00:00:23]} 34. gxf4 {[%clk 00:01:54]} {[%emt
00:00:41]} Qd6 {[%clk 00:00:58]} {[%emt 00:00:20]} 35. Rxd7 {[%clk 00:02:15]}
{[%emt 00:00:09]} Qxd7 {[%clk 00:01:03]} {[%emt 00:00:25]} 36. Qxa3 {[%clk
00:02:41]} {[%emt 00:00:04]} Rg8 {[%clk 00:01:08]} {[%emt 00:00:25]} 37. Kh1
{[%clk 00:00:46]} {[%emt 00:02:25]} Qg7 {[%clk 00:01:06]} {[%emt 00:00:31]} 38.
Qb2 {[%clk 00:00:45]} {[%emt 00:00:33]} h3 {[%clk 00:00:47]} {[%emt 00:00:49]}
39. Bxh3 {[%clk 00:00:59]} {[%emt 00:00:15]} Qg3 {[%clk 00:01:11]} {[%emt
00:00:04]} 40. Bg4 {[%clk 00:00:33]} {[%emt 00:00:58]} Qxe1+ {[%clk 00:01:28]}
{[%emt 00:00:13]} 41. Kh2 {[%clk 00:28:58]} {[%emt 00:02:05]} Qh4+ {[%clk
00:31:28]} {[%emt 00:00:30]} 42. Kg2 {[%clk 00:29:19]} {[%emt 00:00:10]} h5
{[%clk 00:31:18]} {[%emt 00:00:40]} 43. Qe2 {[%clk 00:29:45]} {[%emt 00:00:04]}
hxg4 {[%clk 00:30:04]} {[%emt 00:01:44]} 44. Qe5+ {[%clk 00:30:09]} {[%emt
00:00:06]} Kh7 {[%clk 00:30:08]} {[%emt 00:00:26]} 0-1